000 01465nam a2200373Ia 4500
001 ebr10726708
003 CaPaEBR
006 m o u
007 cr cn|||||||||
008 081021s2008 dcuab sb 001 0 eng d
010 _z 2008045394
020 _z0875904467
020 _z9780875904467
020 _z9781118672389
040 _aCaPaEBR
_cCaPaEBR
035 _a(OCoLC)647207465
050 1 4 _aQC807.5
_b.M53 2008eb
082 0 4 _a551.51/45
_222
245 0 0 _aMidlatitude ionospheric dynamics and disturbances
_h[electronic resource] /
_cPaul M. Kintner Jr. ... [et al.], editors.
260 _aWashington, DC :
_bAmerican Geophysical Union,
_cc2008.
300 _aix, 327 p. :
_bill. (some col.), maps (some col.)
490 1 _aGeophysical monograph series,
_x0065-8448 ;
_v181
504 _aIncludes bibliographical references and index.
533 _aElectronic reproduction.
_bPalo Alto, Calif. :
_cebrary,
_d2013.
_nAvailable via World Wide Web.
_nAccess may be limited to ebrary affiliated libraries.
650 0 _aIonosphere
_xResearch.
650 0 _aIonospheric storms.
650 0 _aSudden ionospheric disturbances.
650 0 _aSpace environment.
655 7 _aElectronic books.
_2local
700 1 _aKintner, Paul M.
710 2 _aebrary, Inc.
830 0 _aGeophysical monograph ;
_v181.
856 4 0 _uhttp://site.ebrary.com/lib/rucke/Doc?id=10726708
_zAn electronic book accessible through the World Wide Web; click to view
999 _c38929
_d38929